[Event "Steinfurt Bezirksklasse 1819"]
[Site "Germany"]
[Date "2019.03.23"]
[Round "7.2"]
[White "Schmalbrock, Andreas"]
[Black "May, Holger"]
[Result "1-0"]
[WhiteElo "1342"]
[BlackElo "1725"]
[PlyCount "87"]
[EventDate "2018.09.29"]
[EventType "team-tourn"]
[EventRounds "7"]
[EventCountry "GER"]
[SourceTitle "EXT 2020"]
[Source "ChessBase"]
[SourceDate "2019.10.17"]
[SourceVersion "1"]
[SourceVersionDate "2019.10.17"]
[SourceQuality "1"]
[WhiteTeam "Nordwalde II"]
[BlackTeam "Saerbeck II"]
[WhiteTeamCountry "GER"]
[BlackTeamCountry "GER"]

1. e4 c5 2. Nc3 d6 3. h3 Nc6 4. Nf3 g6 5. Bc4 Bg7 6. d3 e6 7. 0-0 Nge7 8. Be3 Nd4 9. Re1 Nec6 10. Rb1 0-0 11. Nb5 Nxf3+ 12. Qxf3 a6 13. Nc3 Bd7 14. a4 Nd4 15. Qd1 Rb8 16. Ne2 Bxa4 17. Nxd4 cxd4 18. Bd2 Qd7 19. Qc1 Rfc8 20. b3 Bc6 21. b4 d5 22. exd5 Bxd5 23. Bxd5 Qxd5 24. Bf4 e5 25. Bh2 Re8 26. Qg5 f6 27. Qg4 Rbc8 28. Rbc1 Rc6 29. f4 Rce6 30. f5 gxf5 31. Qxf5 R6e7 32. Re4 Qe6 33. Qh5 Qf7 34. Qf5 Qg6 35. Qf3 f5 36. Rh4 Bf6 37. Rh5 f4 38. c4 Qg7 39. Re1 Kh8 40. c5 Rc7 41. Qe2 Rce7 42. Rc1 Rc8 43. Re1 Rf7 44. Qf3 1-0

[Event "Steinfurt Bezirksklasse 1819"]
[Site "Germany"]
[Date "2018.12.01"]
[Round "3.2"]
[White "May, Holger"]
[Black "Hepe, Henning"]
[Result "1-0"]
[WhiteElo "1725"]
[BlackElo "1183"]
[PlyCount "65"]
[EventDate "2018.09.29"]
[EventType "team-tourn"]
[EventRounds "7"]
[EventCountry "GER"]
[SourceTitle "EXT 2020"]
[Source "ChessBase"]
[SourceDate "2019.10.17"]
[SourceVersion "1"]
[SourceVersionDate "2019.10.17"]
[SourceQuality "1"]
[WhiteTeam "Saerbeck II"]
[BlackTeam "Steinfurt IV"]
[WhiteTeamCountry "GER"]
[BlackTeamCountry "GER"]

1. c4 e5 2. g3 Nf6 3. Bg2 c6 4. Nc3 d5 5. cxd5 cxd5 6. e3 Nc6 7. d3 Be6 8. Nge2 Rc8 9. 0-0 Qd7 10. d4 Bh3 11. dxe5 Bxg2 12. Kxg2 Nxe5 13. Nf4 Rc5 14. Nd3 Nxd3 15. Qxd3 Be7 16. Bd2 0-0 17. Rac1 Rfc8 18. f3 Qc6 19. Ne2 Rxc1 20. Rxc1 Qe6 21. Rxc8+ Qxc8 22. Bc3 Qc6 23. Nf4 Bd6 24. Ne2 Nd7 25. Nd4 Nc5 26. Nxc6 Nxd3 27. Nxa7 Bb4 28. Nb5 Bxc3 29. bxc3 f6 30. Kf1 Kf7 31. a3 Kg6 32. Nd6 b6 33. Nc8 1-0

[Event "Goch op 24th"]
[Site "Goch"]
[Date "2013.09.06"]
[Round "2"]
[White "May, Holger"]
[Black "Ooms, David"]
[Result "1-0"]
[WhiteElo "1851"]
[BlackElo "1522"]
[PlyCount "55"]
[EventDate "2013.09.05"]
[EventType "swiss"]
[EventRounds "7"]
[EventCountry "GER"]
[SourceTitle "EXT 2015"]
[Source "ChessBase"]
[SourceDate "2014.11.20"]
[SourceVersion "1"]
[SourceVersionDate "2014.11.20"]
[SourceQuality "1"]

1. c4 f5 2. g3 Nf6 3. Nf3 g6 4. Bg2 Bg7 5. 0-0 0-0 6. Nc3 d6 7. d4 c6 8. Rb1 Nbd7 9. b4 e5 10. dxe5 dxe5 11. Qb3 Kh8 12. Rd1 Qe8 13. c5 h6 14. Nd2 Qf7 15. Qxf7 Rxf7 16. Nc4 Rf8 17. Bb2 e4 18. f3 Re8 19. Nd6 Re7 20. fxe4 Ng4 21. exf5 g5 22. Nce4 Nde5 23. Nxc8 Rxc8 24. Nd6 Rcc7 25. e4 Kg8 26. h3 Ne3 27. Re1 Nc2 28. Re2 1-0

[Event "Goch op 24th"]
[Site "Goch"]
[Date "2013.09.06"]
[Round "3"]
[White "Welzel, Philipp"]
[Black "May, Holger"]
[Result "1/2-1/2"]
[WhiteElo "2057"]
[BlackElo "1851"]
[PlyCount "38"]
[EventDate "2013.09.05"]
[EventType "swiss"]
[EventRounds "7"]
[EventCountry "GER"]
[SourceTitle "EXT 2015"]
[Source "ChessBase"]
[SourceDate "2014.11.20"]
[SourceVersion "1"]
[SourceVersionDate "2014.11.20"]
[SourceQuality "1"]

1. d4 Nf6 2. c4 g6 3. g3 d5 4. cxd5 Nxd5 5. Bg2 Bg7 6. e4 Nb6 7. Be3 0-0 8. Ne2 c5 9. Nbc3 cxd4 10. Bxd4 Nc6 11. Bxg7 Kxg7 12. 0-0 Bg4 13. Qc1 Bxe2 14. Nxe2 e5 15. Rd1 Qe7 16. Bh3 Rfd8 17. Qc3 Rxd1+ 18. Rxd1 Rd8 19. Rxd8 Qxd8 1/2-1/2

[Event "Goch op 24th"]
[Site "Goch"]
[Date "2013.09.05"]
[Round "1"]
[White "Thomas, Ingo"]
[Black "May, Holger"]
[Result "1-0"]
[WhiteElo "2149"]
[BlackElo "1851"]
[PlyCount "63"]
[EventDate "2013.09.05"]
[EventType "swiss"]
[EventRounds "7"]
[EventCountry "GER"]
[SourceTitle "EXT 2015"]
[Source "ChessBase"]
[SourceDate "2014.11.20"]
[SourceVersion "1"]
[SourceVersionDate "2014.11.20"]
[SourceQuality "1"]

1. Nf3 c5 2. c4 Nc6 3. Nc3 g6 4. e3 Nf6 5. d4 cxd4 6. exd4 d5 7. cxd5 Nxd5 8. Qb3 Nxc3 9. Bc4 e6 10. bxc3 Bg7 11. Ba3 Bf8 12. Bc1 Bg7 13. Ba3 Bf8 14. 0-0 Bxa3 15. Qxa3 Qe7 16. Qc1 0-0 17. Qh6 Qf6 18. Rfe1 Qg7 19. Qf4 Na5 20. Bd3 b6 21. Ne5 Bb7 22. Re3 Rac8 23. Nd7 Rfd8 24. Nf6+ Kf8 25. Bb5 Ke7 26. Ng4 Bd5 27. Ba6 Bb7 28. Bb5 Bd5 29. Ba6 Bb7 30. Bxb7 Nxb7 31. Rae1 Kf8 32. Rxe6 1-0

[Event "Goch op 23rd"]
[Site "Goch"]
[Date "2012.09.01"]
[Round "4"]
[White "Milde, Mathias"]
[Black "May, Holger"]
[Result "1/2-1/2"]
[WhiteElo "1681"]
[BlackElo "1862"]
[PlyCount "78"]
[EventDate "2012.08.30"]
[EventType "swiss"]
[EventRounds "7"]
[EventCountry "GER"]
[SourceTitle "EXT 2015"]
[Source "ChessBase"]
[SourceDate "2014.11.20"]
[SourceVersion "1"]
[SourceVersionDate "2014.11.20"]
[SourceQuality "1"]

1. e4 c5 2. Nf3 Nc6 3. d4 cxd4 4. Nxd4 e5 5. Nb3 Nf6 6. f3 d5 7. exd5 Qxd5 8. Be2 Qxd1+ 9. Bxd1 Be7 10. Nc3 Bf5 11. a3 h6 12. Be3 0-0 13. Rc1 Rfd8 14. Nd2 Rd7 15. Nce4 Rad8 16. Nxf6+ Bxf6 17. Ne4 Bxe4 18. fxe4 Bg5 19. Bxg5 hxg5 20. Be2 Rd4 21. Bd3 Ne7 22. Rd1 Kf8 23. Rf1 f6 24. Ke2 Ng6 25. g3 Ke7 26. c3 R4d6 27. Bc2 Rxd1 28. Rxd1 Rxd1 29. Bxd1 Kd6 30. Kd3 Ne7 31. b4 b6 32. Kc4 g6 33. g4 f5 34. Bf3 f4 35. Kb5 Kc7 36. a4 Nc8 37. Kc4 Ne7 38. a5 Kc6 39. axb6 axb6 1/2-1/2

[Event "Goch op 23rd"]
[Site "Goch"]
[Date "2012.08.31"]
[Round "3"]
[White "May, Holger"]
[Black "Lenaerts, Lennert"]
[Result "0-1"]
[WhiteElo "1862"]
[BlackElo "2059"]
[PlyCount "130"]
[EventDate "2012.08.30"]
[EventType "swiss"]
[EventRounds "7"]
[EventCountry "GER"]
[SourceTitle "EXT 2015"]
[Source "ChessBase"]
[SourceDate "2014.11.20"]
[SourceVersion "1"]
[SourceVersionDate "2014.11.20"]
[SourceQuality "1"]

1. c4 Nf6 2. g3 g6 3. Bg2 Bg7 4. Nc3 d6 5. Nf3 0-0 6. 0-0 e5 7. d4 Nbd7 8. e4 exd4 9. Nxd4 Nc5 10. h3 Re8 11. Re1 Nfd7 12. Be3 Ne5 13. Bf1 Ne6 14. Kg2 Qd7 15. Kh1 Qd8 16. f4 Nc6 17. Nxc6 bxc6 18. Rc1 c5 19. Bg2 Bb7 20. Qd3 Nd4 21. b3 Qd7 22. Bf2 a5 23. Ne2 Nc6 24. Nc3 Nd4 25. Ne2 Nxe2 26. Rxe2 Qe6 27. Rce1 a4 28. h4 axb3 29. axb3 Ra1 30. Kh2 Rxe1 31. Rxe1 Bc6 32. Bf3 Qf6 33. Kg2 Qc3 34. Qxc3 Bxc3 35. Rc1 Bb4 36. h5 Bxe4 37. Bxe4 Rxe4 38. Kf3 Re8 39. h6 f5 40. Ra1 Kf7 41. Ra7 Rc8 42. g4 fxg4+ 43. Kxg4 Ke6 44. Bh4 Bc3 45. Bg5 Bd2 46. Rb7 Bc3 47. Ra7 Kd7 48. f5 gxf5+ 49. Kxf5 Rf8+ 50. Ke4 Bf6 51. Bf4 Be7 52. Ra2 Ke6 53. Rg2 Rf7 54. Rg3 c6 55. Rh3 d5+ 56. cxd5+ cxd5+ 57. Ke3 Bd6 58. Bxd6 Kxd6 59. Kd3 Rf6 60. Ke3 Ke5 61. Rh5+ Rf5 62. Rh3 Rg5 63. Kd3 Kf4 64. Rh1 Rg3+ 65. Kc2 Kg5 0-1

[Event "Goch op 22nd"]
[Site "Goch"]
[Date "2011.10.02"]
[Round "6"]
[White "Weber, Rolf"]
[Black "May, Holger"]
[Result "1/2-1/2"]
[WhiteElo "2019"]
[BlackElo "1858"]
[PlyCount "82"]
[EventDate "2011.09.29"]
[EventType "swiss"]
[EventRounds "7"]
[EventCountry "GER"]
[SourceTitle "EXT 2014"]
[Source "ChessBase"]
[SourceDate "2013.11.20"]
[SourceVersion "1"]
[SourceVersionDate "2013.11.20"]
[SourceQuality "1"]

1. e4 c5 2. c3 Nf6 3. e5 Nd5 4. d4 cxd4 5. Nf3 Nc6 6. Bc4 Nb6 7. Bb3 d5 8. cxd4 Bg4 9. Be3 e6 10. 0-0 Be7 11. h3 Bh5 12. a3 Rc8 13. Nbd2 0-0 14. Ba2 Na5 15. b4 Nac4 16. Bb1 Nxd2 17. Bxd2 Nc4 18. Bc1 Qb6 19. Kh2 Bg6 20. Bg5 Bxg5 21. Nxg5 Bxb1 22. Qxb1 g6 23. Qd3 h6 24. Nf3 Qd8 25. a4 Qe7 26. Rfb1 Rc7 27. a5 Rfc8 28. b5 b6 29. a6 Na5 30. Qd2 Kg7 31. Ra2 Nc4 32. Qf4 Rg8 33. h4 Rcc8 34. Kg1 f5 35. Rc2 Na3 36. Rxc8 Rxc8 37. Rc1 Nc4 38. Rb1 Qa3 39. Kh2 Rf8 40. Kg3 Qd3 41. Rc1 Qb3 1/2-1/2

[Event "Goch op 22nd"]
[Site "Goch"]
[Date "2011.09.30"]
[Round "2"]
[White "Moseler, Norbert"]
[Black "May, Holger"]
[Result "0-1"]
[WhiteElo "1661"]
[BlackElo "1858"]
[PlyCount "118"]
[EventDate "2011.09.29"]
[EventType "swiss"]
[EventRounds "7"]
[EventCountry "GER"]
[SourceTitle "EXT 2014"]
[Source "ChessBase"]
[SourceDate "2013.11.20"]
[SourceVersion "1"]
[SourceVersionDate "2013.11.20"]
[SourceQuality "1"]

1. c4 c5 2. g3 Nc6 3. Bg2 g6 4. Nc3 Bg7 5. d3 a6 6. e3 Rb8 7. Nge2 b5 8. a3 e6 9. 0-0 Nge7 10. Rb1 0-0 11. f4 Qc7 12. cxb5 axb5 13. b4 cxb4 14. axb4 d6 15. d4 d5 16. Qd3 Qb6 17. h4 h5 18. Bd2 Nf5 19. Kh2 Nd6 20. Rfc1 Bd7 21. Nd1 Nc4 22. Bc3 f5 23. Ba1 Ra8 24. Bc3 Ra3 25. Nb2 Rfa8 26. Nxc4 bxc4 27. Qd1 Bf8 28. b5 Nd8 29. Bb4 Bxb4 30. Rxb4 Nb7 31. Nc3 Qa5 32. Nxd5 Kg7 33. Rcxc4 exd5 34. Bxd5 Bxb5 35. Rxb5 Qxb5 36. Rc7+ Kh6 37. Bxb7 Ra2+ 38. Kh3 Qb2 39. Qh1 Re8 40. Bd5 Ra1 41. Qg2 Qxg2+ 42. Kxg2 Re1 43. Kh3 R1xe3 44. Bf7 R8e7 45. Rxe7 Rxe7 46. Bg8 Kg7 47. Bc4 Re4 48. Ba6 Rxd4 49. Bb7 Rd2 50. Bh1 Kf6 51. Ba8 Ke7 52. Bc6 Kd8 53. Ba8 Kc7 54. Bh1 Kb6 55. Ba8 Kc5 56. Bh1 Kd4 57. Bc6 Ke3 58. Bb7 Kf2 59. Kh2 Rd3 0-1

[Event "Goch op 21st"]
[Site "Goch"]
[Date "2010.10.03"]
[Round "6"]
[White "May, Holger"]
[Black "Speck, Stefan"]
[Result "1/2-1/2"]
[WhiteElo "1857"]
[BlackElo "2004"]
[PlyCount "101"]
[EventDate "2010.09.30"]
[EventType "swiss"]
[EventRounds "7"]
[EventCountry "GER"]
[SourceTitle "EXT 2012"]
[Source "ChessBase"]
[SourceDate "2011.11.24"]
[SourceVersion "1"]
[SourceVersionDate "2011.11.24"]
[SourceQuality "1"]

1. c4 c6 2. d4 d5 3. cxd5 cxd5 4. Bf4 Nc6 5. Nf3 Nf6 6. Nc3 e6 7. e3 Be7 8. Be2 0-0 9. h3 Bd7 10. 0-0 Rc8 11. Rc1 Ne8 12. Qd2 Nd6 13. b3 Ne8 14. Nb1 Nf6 15. Qb2 Be8 16. Rc2 Nd7 17. Rfc1 f6 18. Bb5 Qb6 19. Be2 Bg6 20. Rd2 Qa5 21. a4 Nb4 22. Rdd1 Rc2 23. Rxc2 Bxc2 24. Rc1 Bxb1 25. Qxb1 Nc6 26. Qb2 Rc8 27. g4 Qd8 28. Nd2 Nf8 29. Bg3 Bd6 30. Bxd6 Qxd6 31. Kg2 Ng6 32. Bb5 a6 33. Bxc6 Rxc6 34. Rxc6 Qxc6 35. f4 Ne7 36. Kf2 Nc8 37. Nb1 Nd6 38. Nd2 Kf7 39. Ke2 b5 40. axb5 Qxb5+ 41. Kf2 Nc4 42. Qc2 Nxd2 43. Qxd2 Qxb3 44. h4 Qb6 45. h5 Qd6 46. Qc2 g6 47. hxg6+ hxg6 48. Qc8 Kg7 49. Qb7+ Kg8 50. Qc8+ Kg7 51. Qb7+ 1/2-1/2